000 00941nas a2200313 4500
001 BR0808948
003 BR-BrBNA
005 20231205112236.0
007 ta
008 230509b bl.|||p| |||| 00| 00por d
040 _aBR-BrBNA
_bpor
_cBiblioteca Nacional de Agricultura
041 _a(Pt)
072 _aL01
100 1 _aFreitas, A.K. de
100 1 _aRestle, J.
100 1 _aPacheco, P.S.
100 1 _aPadua, J.T.
100 1 _aLage, M.E.
100 1 _aMiyagi, E.S.
100 1 _aSilva, G.F.R. da
245 1 _aCaracterísticas de carcaças de bovinos Nelore inteiros vs castrados em duas idades, terminados em confinamento
650 _aCARCAÇA
650 _aGADO ZEBU
650 _aTERMINAÇÃO
650 _aCASTRAÇÃO
773 0 _tRevista Brasileira de Zootecnia (Brazil)
_xISSN 1516-3598
_g(Jun 2008), v. 37(6) p. 1055-1062
_wBR0808948
909 _a202311
_bLúcia
_c55
_dLúcia Elande
942 _2AGRIS
_n0
_cANA
999 _c196936
_d196936